000 00897nam a2200241 a 4500
001 49439
003 BD-RjUL
005 20211209054700.0
008 160820s1955 bg ||||| |||| 00| f ben d
020 _c: Tk. 2.50
035 _a(BD-RjUL)49558
040 _aBD-RjUL
_bben
_cBD-RjUL
041 _aben
082 _223
_a843
_bJON 1955
100 _aজোলা, এমিল
_9146734
245 1 0 _aনানা /
_cএমিল জোলা ; অনুবাদ : সুরাইয়া চৌধুরী
260 _aচট্টগ্রাম :
_bসৈয়দ আহমদ শফি,
_c১৯৫৫ (১৩৬২)
300 _a১৫৫ পৃ. ;
_c১৫ সেমি.
650 _aফরাসি উপন্যাস
_9146691
650 _aFrench Fiction
_9122841
700 _aচৌধুরী, সুরাইয়্‌ অনুবাদক
_9148397
942 _2ddc
_cBK
999 _c49439
_d49439